00356nam a2200121 a 4500008004100000050002200041100002500063245002800088246005300116260003500169300002100204350000900225120416s1976 ||||||||||||||||| || u aHF 5549.5.C67 Hen aHenderson, Richard I10aCompensation management arewarding performance in the modern organization aReston, VirginiabRestonc1976 axii, 515p. : ill a0.00